000 00389nam a2200157Ia 4500
008 221030s9999 xx 000 0 und d
020 _a8186830049
041 _aEnglish
082 _a105.23
_bSha
100 _aS. Sharma
245 0 _aGraphical User Interface ( DEPARTMENTAL )
260 _bPentagon Press
_aNew Delhi
_c2001
300 _a340
650 _aCSE Departmental
942 _cBK
999 _c7630
_d7630